Normal view MARC view
  • Educación

Entry Materia

Number of records used in: 51

001 - NÚMERO DE CONTROL DEL REGISTRO

  • campo de control: 7284

003 - IDENTIFICADOR DE NUMERO DE CONTROL

  • campo de control: UPN

005 - FECHA Y HORA DE LA ÚLTIMA TRANSACCIÓN

  • campo de control: 20250523145956.0

008 - DATOS DE LONGITUD FIJA

  • campo de control de longitud fija: 221018n||fcnnnbabn | ana |d

035 ## - NÚMERO DE CONTROL DEL SISTEMA

  • Número de control del sistema: UPN10000007288

040 ## - FUENTE DE LA CATALOGACIÓN

  • Centro catalogador de origen: UPN
  • Lengua de catalogación: spa
  • Agencia de transcripción: UPN

150 ## - ENCABEZAMIENTO - TEMÁTICO

  • Término de materia o nombre geográfico como elemento inicial: Educación
  • Subdivisión de forma: Estadística

450 ## - VÉASE - MATERIA

  • Encabezamiento temático: Estadísticas educativas

670 ## - FUENTE EN LA QUE SE LOCALIZARON DATOS

  • Cita de la fuente: DGB UNAM, 18 octubre 2022:
  • Información localizada: (encabezamiento: Educación -- Estadística)

902 ## - CATALOGADOR

  • Catalogador: MMA/300996